Handbuch der Werkstoffprüfung. 2.Band : Die Prüfung der metallischen Werkstoffe /
Enregistré dans:
| Auteur principal: | |
|---|---|
| Format: | Livre |
| Langue: | allemand |
| Publié: |
Berlin :
Springer Verlag,
1955
|
| Édition: | 2.Aufl. |
| Tags: |
Pas de tags, Soyez le premier à ajouter un tag!
|
MARC
| LEADER | 00000nam a22000003a 4500 | ||
|---|---|---|---|
| 001 | stu41909 | ||
| 005 | 20150617225720.0 | ||
| 008 | 940126s1955----gw------------------ger-d | ||
| 040 | |a STU |b slo | ||
| 041 | 0 | |a ger | |
| 044 | |a gw | ||
| 100 | 1 | |a Siebel, Erich |4 aut | |
| 245 | 1 | |a Handbuch der Werkstoffprüfung. 2.Band : |b Die Prüfung der metallischen Werkstoffe / |c [aut.]Erich Siebel | |
| 250 | |a 2.Aufl. | ||
| 260 | |a Berlin : |b Springer Verlag, |c 1955 | ||
| 300 | |a 754 s | ||
| 996 | |b 284M062605 |c M*7328/2-1 |l MMKN |s A |a 24 |w stu41909_0001 | ||